Guinness book of the 20th century (Record no. 567013)

000 -LEADER
fixed length control field 00504nam a22001937a 4500
003 - CONTROL NUMBER IDENTIFIER
control field CEME
005 - DATE AND TIME OF LATEST TRANSACTION
control field 20210628201738.0
008 - FIXED-LENGTH DATA ELEMENTS--GENERAL INFORMATION
fixed length control field 210216b xxu||||| |||| 00| 0 eng d
020 ## - INTERNATIONAL STANDARD BOOK NUMBER
International Standard Book Number 1-892051-05-2
040 ## - CATALOGING SOURCE
Transcribing agency .
082 ## - DEWEY DECIMAL CLASSIFICATION NUMBER
Classification number 790.068 GUI
100 ## - MAIN ENTRY--PERSONAL NAME
Personal name Gould, David
9 (RLIN) 56640
245 ## - TITLE STATEMENT
Title Guinness book of the 20th century
250 ## - EDITION STATEMENT
Edition statement MILLENNIUM EDITION
260 ## - PUBLICATION, DISTRIBUTION, ETC.
Place of publication, distribution, etc. LONDON
Name of publisher, distributor, etc. GUINNESS
Date of publication, distribution, etc. 1999
300 ## - PHYSICAL DESCRIPTION
Extent 480P
650 ## - SUBJECT ADDED ENTRY--TOPICAL TERM
Topical term or geographic name entry element WORLD RECORDS-GUINNESS BOOK OF 20TH CENTURY
9 (RLIN) 56641
942 ## - ADDED ENTRY ELEMENTS (KOHA)
Koha item type Book
Source of classification or shelving scheme
Holdings
Withdrawn status Lost status Damaged status Not for loan Permanent Location Current Location Shelving location Date acquired Total Checkouts Full call number Barcode Date last seen Price effective from Koha item type
        College of Electrical & Mechanical Engineering (CEME) College of Electrical & Mechanical Engineering (CEME) General Stacks 07/12/2017   790.068 GUI CEME-35114 06/28/2021 06/28/2021 Book
© 2023 Central Library, National University of Sciences and Technology. All Rights Reserved.